| 000 | 00635nam a22001817a 4500 | ||
|---|---|---|---|
| 003 | OSt | ||
| 005 | 20240529070909.0 | ||
| 008 | 240529b |||||||| |||| 00| 0 eng d | ||
| 020 | _a9786214160600 | ||
| 040 |
_aDWC- Main Lib _cOC |
||
| 082 | _aFil. 657.046 D273c 2019 | ||
| 100 | _aDayag, Antonio J. | ||
| 245 |
_aCPA examination Review Manual: _bAdvanced financial accounting and reporting( Theories & problems)/ _cAntonio J. Dayag. |
||
| 260 |
_aManila, Philippines: _bGIC enterprises & Co., _cc2019. |
||
| 300 |
_avii, 1264 pages: _billustrations; _c24cm. |
||
| 650 | _a1. Accounting Examination, question etc. | ||
| 942 |
_2ddc _cBK - FIL _n1 |
||
| 999 |
_c70 _d70 |
||